| 000 | 00356cam a2200145ua 4500 | ||
|---|---|---|---|
| 041 |
_aeng _h |
||
| 082 |
_a822 _bELI/MI |
||
| 100 | _aElizabeth, . | ||
| 245 |
_aMinor Elizabethan drama / _cElizabeth. _hTextual Documents |
||
| 260 |
_aLondon : _bJ M Dent and Sons Ltd , _c1960. |
||
| 300 | _a312 ; . | ||
| 504 | _a | ||
| 942 | _cBK | ||
| 999 |
_c5348 _d5348 |
||